000
00461nam a2200169Ia 4500
008
090711s9999 xx 000 0 und d
082
_b
56283
100
_a
वाळिंबे वि. स.
245
_a
राजमाता
260
_c
1987
300
_a
334
600
_a
वाळिंबे वि. स.
630
_a
राजमाता
700
_a
वाळिंबे वि. स.
730
_a
राजमाता
942
_c
BOOK
999
_c
320385
_d
320385